| 000 | 00584nam a2200145Ia 4500 | ||
|---|---|---|---|
| 008 | 151213s9999 xx 000 0 und d | ||
| 100 | _aজিল্লুর রহমান সিদ্দিকী | ||
| 245 |
_aবাংলা প্রবন্ধ পরিচয়। _cজিল্লুর রহমান সিদ্দিকী |
||
| 260 |
_aঢাকা _bবাংলা একাডেমী। _c1986 |
||
| 300 | _a8418 p. | ||
| 650 | _aBangla | ||
| 650 | _aBengali Literature | ||
| 700 | _aজিল্লুর রহমান সিদ্দিকী | ||
| 999 |
_c4256 _d4256 |
||